| 000 | 00654nam a2200229 a 4500 | ||
|---|---|---|---|
| 999 |
_c2150 _d2150 |
||
| 001 | 2150 | ||
| 003 | BD-JhCC | ||
| 005 | 20171030124014.0 | ||
| 008 | 171030s2008 bg |||| ||a| 000 0 ben d | ||
| 020 | _a9847013800262 | ||
| 035 | _a(BD-JhCC)2150 | ||
| 040 |
_aBD-JhCC _dBD-JhCC |
||
| 041 | _aben | ||
| 082 |
_a891.4495 _bHFZ 2008 |
||
| 100 | _aহাফিজ, হাসান | ||
| 245 |
_aছড়াসমগ্র / _c হাসান হাফিজ |
||
| 260 |
_aঢাকা : _bবিদ্যাপ্রকাশ, _c২০০৮. |
||
| 300 |
_a221 p. : _c21 cm. |
||
| 650 |
_aBengali Poetry _xJuvinile |
||
| 942 |
_2ddc _cBK |
||